000
00244nam a2200097Ia 4500
001
683247
005
20250826161434.0
008
250824s9999 xx 000 0 und d
245
0
_a
ŞİİR DENİZİ 1
_c
ÜMİT YAŞAR
260
_b
EVEREST YAYINLARI
999
_c
683247
_d
683247